| 000 | 00914nam a22002535a 4500 | ||
|---|---|---|---|
| 003 | OSt | ||
| 005 | 20170309110153.0 | ||
| 008 | 170226s2013 ua frb 000 0 ara d | ||
| 015 | _a2013 / 10358 | ||
| 020 | _a9789770473177 | ||
| 040 |
_aEG-ScBUE _bara _cEG-ScBUE |
||
| 082 | 0 | 4 |
_222 _a341.48 _bت و ف |
| 100 | 1 | _aتوفيق، نور الدين محمد. | |
| 245 | 1 | 0 |
_aعالمية حقوق الإنسان والخصوصية الإسلامية / _cنور الدين محمد توفيق. |
| 250 | _aط. 1. | ||
| 260 |
_aالقاهرة : _bدار النهضة العربية، _c2013. |
||
| 300 |
_a612 ص. ؛ _c24 سم. |
||
| 504 | _aيشتمل على إرجاعات ببليوجرافية. | ||
| 650 | 7 |
_2BUEsh _a(حقوق الإنسان (الإسلام _913360 |
|
| 650 | 7 |
_2BUEsh _aحقوق الإنسان (قانون دولي) _940977 |
|
| 651 | _2BUEsh | ||
| 653 |
_bLLAAWW _cMarch2017 |
||
| 942 | _2ddc | ||
| 999 |
_c24367 _d24339 |
||